House prices fall further in April but are expected to recover over coming year (Record no. 113976)

MARC details
000 -LEADER
fixed length control field 00987cad a22002175a 4500
001 - CONTROL NUMBER
control field L156010
008 - FIXED-LENGTH DATA ELEMENTS--GENERAL INFORMATION
fixed length control field 120424s20120420xxk f 000 0 eng d
035 ## - SYSTEM CONTROL NUMBER
System control number (Sirsi) u156010
041 0# - LANGUAGE CODE
Language code of text/sound track or separate title eng
110 2# - MAIN ENTRY--CORPORATE NAME
Corporate name or jurisdiction name as entry element Knight Frank
9 (RLIN) 1530
245 00 - TITLE STATEMENT
Title House prices fall further in April but are expected to recover over coming year
Medium [electronic resource]
260 ## - PUBLICATION, DISTRIBUTION, ETC.
Place of publication, distribution, etc. London
Name of publisher, distributor, etc. Knight Frank
-- 2012
490 #0 - SERIES STATEMENT
Series statement Knight Frank/Markit House Price Sentiment Index
Volume/sequential designation April 2012
520 ## - SUMMARY, ETC.
Summary, etc. UK households perceive a decline in value of their homes. Lower prices recorded in ten out of 11 regions with the exception of London. Year ahead outlook for house prices remains positive.
590 ## - LOCAL NOTE (RLIN)
Local note KA NTK
651 #4 - SUBJECT ADDED ENTRY--GEOGRAPHIC NAME
Geographic name United Kingdom
Chronological subdivision
690 ## - LOCAL SUBJECT ADDED ENTRY--TOPICAL TERM (OCLC, RLIN)
Topical term or geographic name as entry element Residential property
9 (RLIN) 6266
710 ## - ADDED ENTRY--CORPORATE NAME
Corporate name or jurisdiction name as entry element Markit
9 (RLIN) 5915
856 40 - ELECTRONIC LOCATION AND ACCESS
Uniform Resource Identifier <a href="https://www.knightfrank.com/news/Knight-Frank-Markit-House-Price-Sentiment-Index-(HPSI)-?-APRIL-2012-0904.aspx">https://www.knightfrank.com/news/Knight-Frank-Markit-House-Price-Sentiment-Index-(HPSI)-?-APRIL-2012-0904.aspx</a>
Public note View this item free of charge at www.knightfrank.com
942 ## - ADDED ENTRY ELEMENTS (KOHA)
Suppress in OPAC 0
Holdings
Withdrawn status Lost status Source of classification or shelving scheme Damaged status Not for loan Home library Current library Shelving location Date acquired Total Checkouts Full call number Barcode Date last seen Copy number Price effective from Koha item type
    Dewey Decimal Classification     Virtual Virtual Online 24/04/2012   ONLINE PUBLICATION 156010-2001 06/08/2019 1 06/08/2019 Book